000 00959nam a2200265 i 4500
003 DO-SdBNP
005 20240405150223.0
007 ta
008 240405b2002 dr ||||| |||| 00| 0 spa d
020 _a9993488003
040 _aDO-SdBNP
_bspa
_cBNPHU
_erda
082 4 _222
100 1 _aPérez Taveras, Eladio Miguel,
_979446
_eautor
245 1 0 _aRegimen legal del embargo inmobiliario de derecho común y los incidentes /
_cEladio Miguel Pérez Taveras
264 _aSanto Domingo :
_bCheco,
_c2002.
300 _a383 páginas ;
_c22 cm.
336 _2rdacontent
_atexto
_btxt
337 _2rdamedia
_asin mediación
_bn
338 _2rdacarrier
_avolumen
_bnc
500 _aIncluye referencias bibliográficas y notas al pie de las páginas
500 _aSu análisis a la luz e interpretación de los códigos, las doctrinas y las jurisprudencias francesas y dominicana
590 _aInventariado, 2024/BT
910 _aBtavárez
942 _2ddc
_cLBS1
999 _c56278
_d56278